Bioprocess engineering : basic concepts /
Guardado en:
| Autor Principal: | |
|---|---|
| Otros Autores: | |
| Formato: | Libro |
| Idioma: | English |
| Publicado: |
Upper Saddle River, NJ :
Prentice Hall,
c2002.
|
| Edición: | 2nd ed. |
| Series: | Prentice-Hall international series in the physical and chemical engineering sciences
|
| Materias: | |
| Etiquetas: |
Agregar Etiqueta
Sin Etiquetas, Sea el primero en etiquetar este registro!
|
| LEADER | 00976cam a22002535a 4500 | ||
|---|---|---|---|
| 001 | EIQ.libpla001676 | ||
| 008 | 010627s2002####njua#####b####001#0#eng#d | ||
| 005 | 20061129190036.0 | ||
| 245 | 1 | 0 | |a Bioprocess engineering : |b basic concepts / |c Michael L. Shuler, Fikret Kargi. |
| 250 | |a 2nd ed. | ||
| 260 | |a Upper Saddle River, NJ : |b Prentice Hall, |c c2002. | ||
| 300 | |a xx, 553 p. : |b il. ; |c 24 cm. | ||
| 440 | 0 | |a Prentice-Hall international series in the physical and chemical engineering sciences | |
| 504 | |a Incluye referencias bibliográficas e índice. | ||
| 020 | |a 0130819085 | ||
| 100 | 1 | |a Shuler, Michael L., |d 1947- | |
| 700 | 1 | |a Kargi, Fikret. | |
| 082 | 0 | 0 | |a 660.6/3 |2 21 |
| 650 | 4 | |a Ingeniería biomecánica |x Teoría. | |
| 650 | 4 | |a Biochemical engineering |x Theory. | |
| 010 | |a 2001036431 | ||
| 040 | |a DLC |c DLC |d AR-BbSID | ||
| 859 | |a AR-BbSID |b BIB. PLAPIQUI |h 660.632 1 |i Sh 91 |p 5681 |t Ej. 1 |v Ej. 1 | ||
| 859 | |a AR-BbSID |b BIB. PLAPIQUI |h 660.632 1 |i Sh 91 |p 5900 |t Ej. 2 |v Ej. 2 | ||
